000 nam a22 7a 4500
999 _c23868
_d23868
008 170127b xxu||||| |||| 00| 0 eng d
050 _aNA 107 .S8V64 2006
100 _aVogt, Jay D.
_d2006
245 _aPicturing the Past /
_cJay D. Vogt, Stephen C.Rogers
260 _aSouth Dakota:
_bSociety Press,
_c2006.
300 _a107 p.:
_bill.;
_c24cm.
500 _aincludes index.
650 _2Architecture
700 _aStephen C. Rogers
942 _2lcc
_cBOOKS
_hNA 107 .S8V64 2006
_k31348